Größte Metropolregionen Afrikas - Statistiken

Allgemein
  • Dieses Quiz wurde 47 mal gespielt
  • Das Durchschnittsergebnis liegt bei 21 aus 30
Antwortstatistiken
Einwohner Antwort % Korrekt
11.600.000 Johannesburg-Tshwane-Ekurhuleni
100%
25.000.000 Kairo
100%
4.000.000 City of Cape Town Area
97%
17.000.000 Kinshasa-Brazzaville
97%
8.700.000 Casablanca-Rabat
91%
6.400.000 Algier
89%
7.000.000 Nairobi
89%
30.000.000 Greater Lagos-Ibadan
86%
3.900.000 Region Dakar
86%
6.700.000 Western Nile-Delta
86%
4.800.000 Accra
83%
4.700.000 eThekwini Metropolitan Municipality
74%
9.800.000 Khartum
74%
10.700.000 Niger-Delta
74%
4.500.000 Kampala
71%
10.000.000 Luanda
71%
3.300.000 Abuja
69%
3.400.000 Bamako
69%
5.100.000 Lusaka
66%
5.500.000 Addis Abeba
63%
8.300.000 Daressalam
60%
3.000.000 Yaoundé
60%
7.400.000 Abidjan
57%
2.720.000 Maputo
57%
2.800.000 Douala
51%
5.200.000 Kano
51%
3.500.000 Niamey
49%
4.400.000 Antananarivo
43%
3.600.000 Greater Benin City
20%
2.500.000 Kumasi
20%
Keine übereinstimmenden Quizze gefunden
Verteilung der Resultate
Anzahl Personen mit jedem Resultat
Perzentil nach korrekt beantworteten Fragen
Ihre Resultats-Entwicklung
Sie haben dieses Quiz noch nicht gespielt